|
|
|
|
| LEADER |
00000nam0a2200000 4500 |
| 001 |
32827 |
| 005 |
20231030205418.0 |
| 035 |
|
|
|a (RuTPU)RU\TPU\book\33130
|
| 035 |
|
|
|a BOOK00001219
|
| 090 |
|
|
|a 32827
|
| 100 |
|
|
|a 20011210d1986 k y0rusy50 ca
|
| 101 |
1 |
|
|a rus
|c eng
|
| 102 |
|
|
|a RU
|
| 105 |
|
|
|a а z 001zy
|
| 200 |
1 |
|
|a Введение в численные методы решения дифференциальных уравнений
|e пер. с англ.
|f Дж. Ортега, У. Пул
|
| 210 |
|
|
|a Москва
|c Наука
|c Физико-математическая лит-ра
|d 1986
|
| 215 |
|
|
|a 288 с.
|c ил.
|
| 320 |
|
|
|a Библиогр.: с. 285-288.
|
| 610 |
1 |
|
|a математика
|
| 610 |
1 |
|
|a дифференциальные уравнения
|
| 610 |
1 |
|
|a решения
|
| 610 |
1 |
|
|a численные методы
|
| 610 |
1 |
|
|a задача Коши
|
| 610 |
1 |
|
|a краевые задачи
|
| 610 |
1 |
|
|a пространство
|
| 610 |
1 |
|
|a время
|
| 610 |
1 |
|
|a размерности
|
| 610 |
1 |
|
|a конечные разности
|
| 675 |
|
|
|a 519.62
|v 3
|
| 700 |
|
1 |
|a Ортега
|b Дж.
|g Джеймс
|
| 701 |
|
1 |
|a Пул
|b У.
|
| 801 |
|
0 |
|a RU
|b 63413507
|c 20011210
|g PSBO
|
| 801 |
|
2 |
|a RU
|b 63413507
|c 20201109
|g PSBO
|
| 900 |
|
|
|a Математическое моделирование в электромеханике
|
| 900 |
|
|
|a Компьютерный практикум
|
| 942 |
|
|
|c BK
|